10 największych miast Niemiec - Statystyki

Ogólne statystyki
  • Ten quiz został rozwiązany 88 razy
  • Średni wynik to 7 z 10
Statystyki odpowiedzi
Ludność Odpowiedź % Poprawnych
3 750 000 Berlin
99%
1 488 000 Monachium
97%
1 845 000 Hamburg
88%
1 043 000 Kolonia
84%
588 000 Dortmund
79%
763 000 Frankfurt Nad Menem
77%
598 000 Lipsk
58%
630 000 Stuttgart
55%
582 000 Essen
40%
620 500 Duselldorf
19%
Nie znaleziono quizów pasujących do podanych kryteriów
Rozkład punktacji
Procent ludzi z każdym wynikiem
Percentyl według liczby udzielonych odpowiedzi
Twoja historia wyników
Nie rozwiązałeś tego quizu